| 000 | 00352nam a22001451a 4500 | ||
|---|---|---|---|
| 082 |
_aM301 _bKKK/T |
||
| 100 | _aK K Kooriyad | ||
| 245 |
_aThatha cholliya kathakal/ _cby K K Kooriyad |
||
| 260 |
_bKooriyad K K, _c1996. _a |
||
| 300 | _a80p. | ||
| 650 | _aStories Malayalam | ||
| 650 | _aLiterature Malayalam | ||
| 650 | _aLiterature | ||
| 942 | _cBK | ||
| 999 |
_c46622 _d46622 |
||